Fenerbahce Squad 2021/22 - Statistiken

Allgemein
  • Dieses Quiz wurde 24 mal gespielt
  • Das Durchschnittsergebnis liegt bei 17 aus 28
Antwortstatistiken
Nr. Antwort % Korrekt
1 Altay Bayindir
100%
13 Enner Valencia
95%
16 Ferdi Kadioglu
89%
10 Mesut Özil
89%
25 Arda Güler
84%
41 Attila Szalai
84%
17 Irfan Can Kahveci
84%
27 Miguel Crespo
84%
4 Serdar Aziz
84%
8 Mert Hakan Yandas
79%
21 Osayi-Samuel
74%
19 Serdar Dursun
74%
9 Diego Rossi
68%
3 Kim Min Jae
68%
54 Ertugrul Cetin
63%
11 Mergim Berisha
63%
26 Miha Zajc
53%
99 Emre Mor
47%
32 Marcel Tisserand
47%
14 Dimitrios Pelkas
37%
37 Filip Novak
37%
20 Luiz Gustavo
37%
30 Nazim Sangare
37%
35 Berke Özer
32%
5 Jose Sosa
32%
6 Max Meyer
26%
7 Ozan Tufan
26%
33 Cagtay Kurukalip
16%
Keine übereinstimmenden Quizze gefunden
Verteilung der Resultate
Anzahl Personen mit jedem Resultat
Perzentil nach korrekt beantworteten Fragen
Ihre Resultats-Entwicklung
Sie haben dieses Quiz noch nicht gespielt